00757nam a2200229 4500001000800000005001700008008000400025010001700029020003200046040001900078050002300097082001400120245008400134260003700218300003200255440003200287504003900319650007500358650002800433700002000461700004600481197967420170725102758.0000 a 89008149  a007037290X :c$54.95 (est.) aUOELcDLCdDLC00aQH448.4b.G44 198900a575.222000aGene transfer in the environment /cStuart B. Levy, Robert V. Miller [editors]. aNew York :bMcGraw-Hill,cc1989. ax, 434 p. :bill. ;c24 cm. 0aEnvironmental biotechnology aIncludes bibliographies and index. 0aBacterial transformation.xNatural History (General) Biology (General) 0aGenetic transformation.1 aLevy, Stuart B.1 aMiller, Robert V.q(Robert Verne),d1945-